MDQL
is popping MORE tags! Check the
thread
!
Quizzes
Events
Quiz Creation
Community
Videos
Private Events
Remove Ads
Sign In
Join for FREE
Feedback
Dark Mode
Quiz Categories
Sports
Geography
Music
Movies
Television
Just For Fun
Miscellaneous
History
Literature
Language
Science
Gaming
Entertainment
Religion
Holiday
For Kids
Quiz Lab
Recent
Popular Today
Quiz Kudos Today
Editor Picks
Curator Picks
Quizzes by...
Day
Popularity
Type
Ratings
Length
Year
Community
Subscriptions
Recent Discussions
Orange Saloon
Badges
Playlists
Quests
Create
Leaderboards
Showdown
Live 5
Trivia Bingo
Activity
Puzzle Library
Sporcle Events
Private Events
Virtual Trivia
Globe League
Become a Host
Pub Owners
SporcleCon
Opinionation
Our Games
Videos
Blog
Mobile Apps
Partnerships
Remove Ads and Go Orange
Feedback
Sports
Athletes
MLB
NBA
NHL
NFL
Soccer
Sports Teams
WWE
NCAA
Football
Premier League
Basketball
Baseball
Hockey
Golf
Tennis
Cricket
Rugby
Auto Racing
Olympics
World Cup
Sports
Athletes
MLB
NBA
NHL
NFL
Soccer
Sports Teams
WWE
NCAA
Football
Premier League
Basketball
Baseball
Hockey
Golf
Tennis
Cricket
Rugby
Auto Racing
Olympics
World Cup
Random Quiz
Search Sporcle
×
Quiz Lab
Quiz Lab
Sports
World
Type in answers that appear in a list
Type in answers that appear in a list
Classic
Best Score? Go Orange.
Brazilian Players In World Cup Stats
Can you name the Brazilian Players In World Cup?
By
alvin2011
20m
65 Questions
71 Plays
71 Plays
71 Plays
Comments
Comments
Give Quiz Kudos
Give Quiz Kudos
-
- Ratings
hide this ad
Replay
Link that replays current quiz
Next Quiz
Link to next quiz in quiz playlist
You Got
0%
They Got
Avg Score
38%
Avg Friend Score
Upgrade to see
Score Distribution
Jump to the score distribution portion of the page
Score
0/65
Timer
20:00
0
Plays Today
Year
% Correct
1998
Ronaldo
94.4%
2002
Ronaldo
94.4%
2006
Ronaldo
94.4%
2002
Cafu
81.7%
2006
Cafu
81.7%
1998
Roberto Carlos
78.9%
2002
Roberto Carlos
78.9%
2006
Roberto Carlos
78.9%
1998
Rivaldo
76.1%
2002
Rivaldo
76.1%
2006
Dida
73.2%
1998
Taffarel
67.6%
2006
Robinho
60.6%
2010
Robinho
60.6%
2002
Ronaldinho Gaúcho
59.2%
2006
Ronaldinho Gaúcho
59.2%
2010
Ronaldinho Gaúcho
59.2%
2002
Marcos
57.7%
1998
Bebeto
50.7%
2002
Juan
49.3%
2006
Juan
49.3%
2010
Juan
49.3%
2010
Maicon
46.5%
2006
Adriano
45.1%
2010
Adriano
45.1%
2006
Juninho Pernanbucano
40.8%
2002
Emerson
36.6%
2006
Emerson
36.6%
1998
Juninho Paulista
35.2%
2002
Juninho Paulista
35.2%
2010
Gilberto Silva
35.2%
2010
Luis Fabiano
35.2%
1998
Edmundo
32.4%
Year
% Correct
2006
Kaká
32.4%
2010
Kaká
32.4%
2002
Lúcio
31%
2006
Lúcio
31%
2010
Lúcio
31%
2010
Felipe Melo
31%
2010
Daniel Alves
28.2%
2010
Elano
26.8%
2010
Júlio Cesar
25.4%
2002
Roque Júnior
23.9%
2006
Roque Júnior
23.9%
2002
Edmílson
19.7%
2006
Zé Roberto
19.7%
1998
Denílson
16.9%
2002
Denílson
16.9%
2002
Edílson
16.9%
2006
Cicinho
16.9%
2010
Nilmar
16.9%
1998
Júnior Baiano
15.5%
1998
Romário
15.5%
2002
Luizão
14.1%
2002
Belletti
12.7%
2010
Luisão
12.7%
2010
André Santos
11.3%
1998
Gonçalves
8.5%
1998
Zé Maria
7%
1998
Mauro Silva
5.6%
2010
Josué
5.6%
1998
André Cruz
4.2%
2006
Renato
4.2%
1998
Flávio Conceição
2.8%
1998
Carlos Germano
1.4%
Quiz Playlist
Details
Report
Send in Message
Add To Playlist
Classic:
Type in answers that appear in a list
Last Updated: Feb 16, 2017
Quiz Scoreboard
CHALLENGE
Sign Up to Join the Scoreboard
Show All
Scores
Hide
Comments
May contain spoilers
Recently Published
Image Sorting: Flags VI
by Barbecue
Geography
2m
Find the 'City' Movie
by crazypaving
Movies
60s
Colored Red Africa Blitz
by spor1
Geography
45s
More to Explore
Quiz From the Vault
Featured Blog Post
14 Easter Pick-up Lines to Find Eggs With
hide this ad
You Might Also Like...
Tags
World Quiz
Brazilian
cup
Player
Today's Top Quizzes in Sports
Browse Sports
hide this ad
Today's Top Quizzes in World
Browse World
Top Contributed Quizzes in Sports
1
Les meilleurs buteurs des matchs entre le PSG et l’OM
2
Les entraîneurs de l'OM et du PSG au 21e siècle
3
Les joueurs passés par le PSG et l'OM
4
2022 World Cup Stars
5
Players with Multiple 50 Home Run Seasons
6
Criteria MLB: Left Handed Sluggers
7
Les joueurs passés par le LOSC et le RC Lens
8
NBA Logic Puzzle 2.0
9
MLB Players with Two .350 Batting Average Seasons
10
FIFA Club World Cup Champions
Explore More
Trending Topics
Marvel
Disney
Anime
Kpop
Harry Potter
Crossword
NBA
WWE
Song
Pokémon
The Office
Soccer
Country
NFL
Puzzle
hide this ad
More By:
alvin2011
Quiz
Plays
Rating
Category
Featured
Created
Power Rangers by Color
3,655
2.83
Television
Sep 15, 2011
Power Rangers by Season
1,066
3.67
Television
Mar 1, 2011
power rangers villians
439
1.50
Television
May 3, 2011
Super Street Fighter Characters Rivals
353
1.00
Gaming
Feb 13, 2011
Super Street Fighter 4 Characters
311
3.00
Gaming
Oct 1, 2011
Go to Creator's Profile
Score Distribution
Quiz Creator Spotlight
alvin2011
Follow
Send a Message
Quizzes Created
-
Created Quiz Play Count
-
More By This Creator
Popular Quizzes Today
1
Colored Red Africa Blitz
2
Find the US States - No Outlines Minefield
3
Find the 'City' Movie
4
5x2 Blitz: Bands
5
The Countries of the World
6
Find the US States
7
Find the Countries of Europe - No Outlines Minefield
8
US States
More Sports Quizzes
Last XI: Aleksandar Kolarov
Quiz Lab
Trending Quizzes
Colored Red Europe Blitz I
Colored Red Europe Blitz II
Colored Red Africa Blitz II
Colored Red Europe Blitz III
Colored Red Africa Blitz III
Recently Updated
How Do You Spell That?
pecheneg
Godzilla Movies
pecheneg
Grab Bag: 4-10 Letters
pecheneg
2024 March Madness Bracket
pecheneg
Famous TV Couples
Peacemaker
Champions League XIs: Real Madrid
pecheneg
Largest US Cities 1790-2010
pecheneg
Rides in Walt Disney World
pecheneg
Most Oscar Losses (Acting)
pecheneg
Beyoncé Albums
pecheneg
Trending Topics
Anime
Harry Potter
NBA
Disney
Kpop
Crossword
Marvel
Country
WWE
The Office
NFL
Song
Pokémon
Soccer
Puzzle
Your Account Isn't Verified!
In order to create a playlist on Sporcle, you need to verify the email address you used during registration. Go to your
Sporcle Settings
to finish the process.
Report this User
Report this user for behavior that violates our
Community Guidelines
.
Details:
Send Report
Go to the Sporcle.com Mobile Site →
Comments